Mythbusters - Myth Results Quiz - Statistics

General Stats
  • This quiz has been taken 68 times
  • The average score is 5 of 10
Answer Stats
Question Answer % Correct
A metal brimmed Bowler hat can be thrown hard enough to knock the head off of a stone statue. Based on a scene in Goldfinger. Busted
92%
Do steel toe boots really put toes in more danger than a regular boot, to the extent that the steel toe would chop off the wearer's toes? Busted
75%
A carbon dioxide fire extinguisher can be used to repel an attack from a flamethrower. This myth was inspired by a viral video. Busted
75%
A boat moving at 25 mph (40 km/h) can be split down the middle by hitting a channel marker. Busted
67%
It is possible to chop down a tree with a machine gun. Confirmed
58%
By driving in circles on a dusty road, a group of cars can kick up enough dust to blind a surveillance drone flying overhead. Based on a scene in the film Body of Lies. Busted
42%
Can you lift a standard car with a household vacuum cleaner? Confirmed
42%
The wake from a sharply turning jet boat can put out a fire on a stationary one. Based on a viral video. Confirmed
33%
The driver and the passenger can switch seats while inside the car with the car moving at speed. Plausible
33%
It is possible for a medium-to-large build man to break through a wooden door frame on his own power? Plausible
25%
No matching quizzes found
Score Distribution
Percent of People with Each Score
Percentile by Number Answered
Your Score History
You have not taken this quiz